Catálogo
 En Linea

Situaciones de urgencia inmediata. / (Registro nro. 36320)

Detalles MARC
000 -CABECERA
campo de control de longitud fija 00934nam a2200253 a 4500
001 - NÚMERO DE CONTROL
campo de control 000036829
005 - FECHA Y HORA DE LA ÚLTIMA TRANSACCIÓN
campo de control 20200930075948.0
008 - DATOS DE LONGITUD FIJA--INFORMACIÓN GENERAL
campo de control de longitud fija 120201s1989 sp ac 000 0 spa d
020 ## - NÚMERO INTERNACIONAL ESTÁNDAR DEL LIBRO
Número Internacional Estándar del Libro 847592167
040 ## - FUENTE DE LA CATALOGACIÓN
Centro catalogador/agencia de origen DO-SdBNP
Lengua de catalogación spa
Centro/agencia transcriptor BNPHU
082 ## - NÚMERO DE LA CLASIFICACIÓN DECIMAL DEWEY
Número de clasificación xxxx
240 00 - TÍTULO UNIFORME
Título uniforme Giving emergency care competently
Lenguaje de la obra Español
245 00 - MENCIÓN DE TÍTULO
Título Situaciones de urgencia inmediata. /
Mención de responsabilidad, etc. colaborador Joy P. Clausen; traducción de la edicción original Rosa Ma. Castellsagué; prólogo P. Vilagrasa y M. Peya.
260 ## - PUBLICACIÓN, DISTRIBUCIÓN, ETC.
Lugar de publicación, distribución, etc. Barcelona :
Nombre del editor, distribuidor, etc. Ediciones Doymas,
Fecha de publicación, distribución, etc. 1989.
300 ## - DESCRIPCIÓN FÍSICA
Extensión 192 p. :
Otras características físicas ils., retr. ;
Dimensiones 24 cm.
490 1# - MENCIÓN DE SERIE
Mención de serie Atención integral en enfermería
500 ## - NOTA GENERAL
Nota general Traducido del inglés
504 ## - NOTA DE BIBLIOGRAFÍA, ETC.
Nota de bibliografía, etc. Bibliografía : p. 180
700 1# - PUNTO DE ACCESO ADICIONAL--NOMBRE DE PERSONA
Nombre de persona Clausen, Joy P.
9 (RLIN) 63163
700 1# - PUNTO DE ACCESO ADICIONAL--NOMBRE DE PERSONA
Nombre de persona Castellsagué, Rosa Ma.,
Término indicativo de función/relación tr.
9 (RLIN) 63164
700 1# - PUNTO DE ACCESO ADICIONAL--NOMBRE DE PERSONA
Nombre de persona Vilagrasa, P.
Término indicativo de función/relación pról.
9 (RLIN) 63165
700 1# - PUNTO DE ACCESO ADICIONAL--NOMBRE DE PERSONA
Nombre de persona Peya, M.
9 (RLIN) 63166
830 #0 - PUNTO DE ACCESO ADICIONAL DE SERIE-TÍTULO UNIFORME
Título uniforme Atención integral en enfermería
9 (RLIN) 62529
Existencias
Estado de retiro Estado de pérdida Restricciones de uso No para préstamo Código de colección Localización permanente Ubicación/localización actual Ubicación en estantería Fecha de adquisición Número de inventario Total de préstamos Signatura topográfica completa Código de barras Fecha visto por última vez Precio válido a partir de Tipo de ítem Koha
      Excluido de préstamo Monografías: Libros y Folletos General General En catalogación 01.02.2012 LF1   xxxx 36829-10 25.06.2020 25.06.2020 No se presta

Con tecnología Koha